Suisse - Statistiques

Statistiques générales
  • Ce quiz a été pris 191 fois
  • Le résultat moyen est 5 sur 6
Statistiques - réponses
Question Réponse % Correct
Combien y a t il de langues officielles en Suisse 4
97%
Quelle est la capitale de la Suisse ? Berne
97%
Quel fromage est Suisse ? Gruyère
94%
Quel est le plus grand lac uniquement Suisse Neuchâtel
83%
Combien de pays frontaliers à la Suisse 5
78%
Dans quelle ville Charlie Chaplin a t il une statute Vevey
72%
Aucun quiz correspondant
Distribution des résultats
% des personnes avec chaque résultat
Percentile par nombre de réponses
Votre historique - résultats
Vous n’avez pas pris ce quiz